| 000 | 01140nam a2200229Ia 4500 | ||
|---|---|---|---|
| 003 | Ost | ||
| 005 | 20260507074909.0 | ||
| 008 | 260507s9999||||xx |||||||||||||| ||und|| | ||
| 040 | _cfsecg | ||
| 041 | _aara | ||
| 082 | _a350 | ||
| 100 |
_aفهمي، جلال الدين محمد _eمؤلف |
||
| 245 | 0 |
_aأضواء على الجهاز الإداري العربي : _bالتنظيم ومسميات الوظائف والأجور / _c جلال الدين محمد فهمي |
|
| 260 |
_aالقاهرة: _bالمنظمة العربية للتنمية الإدارية, _c2005 |
||
| 300 |
_a157 صفحة؛ _bإيضاحات ؛ _c24 سم |
||
| 490 |
_aسلسلة بحوث ودراسات _v402 |
||
| 504 | _aببليوغرافيا: ص.155 | ||
| 520 | _aالتنظيم الإداري الرسمي للدولة، الهياكل التظيمية لوحدات الجهاز الإداري بالدولة، التصنيف النمطي وغير النمطي لمسميات الوظائف بالجهاز الإداري العربي، الأجور | ||
| 653 | _aالإدارة العامة | ||
| 653 | _aتنظيم وإدارة | ||
| 942 | _cكتاب | ||
| 999 |
_c41723 _d41723 |
||